|
|
|
|
| LEADER |
01023nab a2200241 i 4500 |
| 001 |
tort466 |
| 005 |
20221111085116.0 |
| 008 |
221111s2002 hu o 0|| zxx d |
| 022 |
|
|
|a 0133-0500
|
| 040 |
|
|
|a PEREPO TORTENET
|b hun
|
| 041 |
|
|
|a zxx
|
| 100 |
1 |
|
|a Décsy Jenő
|
| 245 |
1 |
0 |
|a Forint helyett euró
|h [elektronikus dokumentum] :
|b Szigorú konvergencia-kritériumok (3.) /
|c Jenő Décsy
|
| 260 |
|
|
|a Zalai Hírlap Kiadói Bt.
|b Zalaegerszeg, Magyarország
|c 2002-05-15
|
| 300 |
|
|
|a 7
|
| 490 |
0 |
|
|a Zalai Hírlap
|v 58 No. 112
|
| 695 |
|
|
|a Budapesti Gazdasági Főiskola Pénzügyi és Számviteli Kar Zalaegerszegi Intézete - BGF PSZK ZI
|
| 695 |
|
|
|a Décsy Jenő dr.
|
| 695 |
|
|
|a euro
|
| 695 |
|
|
|a Magyar Nemzeti Bank - MNB
|
| 695 |
|
|
|a valuta
|
| 695 |
|
|
|a sorozat
|
| 856 |
4 |
0 |
|u https://perepo-tortenet.uni-pannon.hu/id/eprint/466/1/2002-05-15_zalai_h%C3%ADrlap_Forint%20helyett%20eur%C3%B3.%20Szigor%C3%BA%20konvergencia-krit%C3%A9riumok%203.%20%2858.%20%C3%A9vf.%20112.%20sz.%2C%20p.%207.%29.pdf
|z Dokumentum-elérés
|